[Event "PILSEN OPEN 2018 - FIDE open"]
[Site "Plzen"]
[Date "2018.11.18"]
[Round "1"]
[White "Plischki, Sebastian"]
[Black "Aird, Ian"]
[Result "1-0"]
[WhiteElo "2419"]
[BlackElo "1852"]
[PlyCount "87"]
[EventDate "2018.11.18"]

1. c4 e6 2. g3 d5 3. Bg2 Nf6 4. Nf3 dxc4 5. Qa4+ Bd7 6. Qxc4 c5 7. O-O Bc6 8.
Nc3 Be7 9. Rd1 Qc8 10. d4 cxd4 11. Nxd4 O-O 12. Nxc6 Nxc6 13. Bxc6 Qxc6 14.
Qxc6 bxc6 15. Bg5 Rfd8 16. Rac1 h6 17. Bxf6 Bxf6 18. Na4 Rxd1+ 19. Rxd1 Rd8 20.
Rxd8+ Bxd8 21. Kf1 Kf8 22. e4 Ke7 23. Ke2 Kd6 24. Kd3 f5 25. f3 h5 26. h3 g6
27. Nc3 Bb6 28. Ne2 g5 29. exf5 exf5 30. f4 g4 31. hxg4 fxg4 32. Ke4 Ke6 33.
f5+ Kf6 34. Nf4 Kg5 35. Ke5 Bc7+ 36. Ke6 Bxf4 37. gxf4+ Kh4 38. f6 g3 39. f7 g2
40. f8=Q g1=Q 41. Qf6+ Kh3 42. f5 Qg8+ 43. Ke7 Qd5 44. Qe6 1-0

[Event "PILSEN OPEN 2018 - FIDE open"]
[Site "Plzen"]
[Date "2018.11.18"]
[Round "1"]
[White "Held, Martin"]
[Black "Dambrauskas, Virginijus"]
[Result "0-1"]
[WhiteElo "1848"]
[BlackElo "2298"]
[PlyCount "52"]
[EventDate "2018.11.18"]

1. e4 c5 2. Nf3 e6 3. d4 cxd4 4. Nxd4 a6 5. Nc3 Qc7 6. Bd3 Bc5 7. Nb3 Be7 8.
O-O Nf6 9. Bg5 d6 10. f4 Nbd7 11. Qf3 b5 12. Rae1 Bb7 13. a3 h6 14. Bh4 g5 15.
fxg5 Ne5 16. Qe2 Nfg4 17. h3 hxg5 18. Bg3 Qb6+ 19. Bf2 Nxf2 20. Qxf2 Qxf2+ 21.
Rxf2 g4 22. Ref1 gxh3 23. gxh3 Rxh3 24. Kg2 Rh7 25. Na5 O-O-O 26. Nxb7 Rg8# 0-1

[Event "PILSEN OPEN 2018 - FIDE open"]
[Site "Plzen"]
[Date "2018.11.18"]
[Round "1"]
[White "Prachar, Josef"]
[Black "Jurek, Josef"]
[Result "0-1"]
[WhiteElo "1831"]
[BlackElo "2248"]
[PlyCount "74"]
[EventDate "2018.11.18"]

1. d4 g6 2. e4 Bg7 3. Nf3 c5 4. d5 d6 5. c4 e6 6. Bd3 exd5 7. exd5 Ne7 8. O-O
O-O 9. Qc2 Bg4 10. Nbd2 b5 11. h3 bxc4 12. hxg4 cxd3 13. Qxd3 Nd7 14. Nc4 Nb6
15. Ne3 Qd7 16. a4 Nxa4 17. Qc2 Nb6 18. Rd1 a5 19. Ra3 a4 20. Qe4 Rac8 21. Nc4
Nxc4 22. Qxc4 Ra8 23. Qe4 Rfe8 24. Qf4 Nc8 25. Re3 Rxe3 26. fxe3 Nb6 27. Ng5
Re8 28. Ne4 Re5 29. Nf6+ Bxf6 30. Qxf6 Qe7 31. Qf3 Re4 32. Qg3 Qe5 33. Qh4 Nxd5
34. Qd8+ Kg7 35. g5 Nxe3 36. Rxd6 Ng4 37. Bd2 Re1+ 0-1

[Event "PILSEN OPEN 2018 - FIDE open"]
[Site "Plzen"]
[Date "2018.11.18"]
[Round "1"]
[White "Eret, Jonas"]
[Black "Grabarczyk, Sylwester"]
[Result "1-0"]
[WhiteElo "2223"]
[BlackElo "1810"]
[PlyCount "63"]
[EventDate "2018.11.18"]

1. d4 Nf6 2. Bf4 d6 3. Nf3 Bg4 4. Nbd2 g6 5. h3 Bf5 6. c3 Bg7 7. Qb3 Qc8 8. e3
O-O 9. Be2 Nbd7 10. O-O a5 11. a4 Nb6 12. c4 Re8 13. Bh2 h6 14. Rfc1 Bxh3 15.
gxh3 Qxh3 16. c5 Nbd5 17. Bc4 e6 18. cxd6 cxd6 19. Bxd6 Qg4+ 20. Bg3 Nh5 21.
Nh2 Qg5 22. Ne4 Qd8 23. Bxd5 exd5 24. Bc7 Qh4 25. Ng3 Ra6 26. Qxd5 Rf6 27. Qg2
Rfe6 28. Nf3 Qg4 29. Nxh5 Qxh5 30. Be5 f6 31. Bg3 Re4 32. Rc5 1-0

[Event "PILSEN OPEN 2018 - FIDE open"]
[Site "Plzen"]
[Date "2018.11.18"]
[Round "1"]
[White "Vachal, Josef"]
[Black "Chudinovskikh, Alexander M"]
[Result "1-0"]
[WhiteElo "1807"]
[BlackElo "2207"]
[PlyCount "65"]
[EventDate "2018.11.18"]

1. e4 d5 2. exd5 Nf6 3. Bb5+ Bd7 4. Bxd7+ Qxd7 5. c4 c6 6. dxc6 Qxc6 7. Nf3
Qxc4 8. d3 Qe6+ 9. Be3 g6 10. O-O Bg7 11. Re1 Qd6 12. Nc3 O-O 13. Qb3 Nc6 14.
Rac1 Qb4 15. Qc2 Rac8 16. a3 Qa5 17. Bd2 Qf5 18. b4 a6 19. Qb1 Rfd8 20. Ne4 Nd7
21. Bc3 Bxc3 22. Rxc3 Nce5 23. Nd4 Qh5 24. Qc1 Rxc3 25. Qxc3 Re8 26. Qc7 Rf8
27. Ng3 Qg5 28. Ne4 Qf4 29. Qxb7 Nxd3 30. Qxd7 Nxe1 31. Qxe7 Qc1 32. Nf6+ Kg7
33. Ne6+ 1-0

[Event "PILSEN OPEN 2018 - FIDE open"]
[Site "Plzen"]
[Date "2018.11.18"]
[Round "1"]
[White "Moreno Martin, Daniel"]
[Black "Molnar, Ladislav"]
[Result "1-0"]
[WhiteElo "2190"]
[BlackElo "1779"]
[PlyCount "39"]
[EventDate "2018.11.18"]

1. e4 e6 2. d4 c5 3. Nf3 cxd4 4. Nxd4 Nc6 5. Nc3 Bb4 6. a3 Bxc3+ 7. bxc3 Nge7
8. Bd3 d5 9. Nxc6 Nxc6 10. Qe2 O-O 11. O-O Qf6 12. Bb2 Rd8 13. Rab1 e5 14. exd5
Rxd5 15. Qe4 Rd8 16. Qxh7+ Kf8 17. a4 g6 18. Ba3+ Ke8 19. Rfd1 Be6 20. Rxb7 1-0

[Event "PILSEN OPEN 2018 - FIDE open"]
[Site "Plzen"]
[Date "2018.11.18"]
[Round "1"]
[White "Hager, Eberhard"]
[Black "Jezek, Jan"]
[Result "0-1"]
[WhiteElo "1769"]
[BlackElo "2171"]
[PlyCount "68"]
[EventDate "2018.11.18"]

1. e4 g6 2. d4 Bg7 3. Nc3 d6 4. Bc4 a6 5. a4 Nf6 6. f3 Nc6 7. Be3 O-O 8. Nge2
e5 9. O-O exd4 10. Nxd4 Ne5 11. Ba2 c5 12. Nde2 Be6 13. Nd5 Nxd5 14. exd5 Bd7
15. c3 b5 16. Bb3 Re8 17. Bf2 Nc4 18. Bxc4 bxc4 19. Ng3 Rb8 20. Qc2 Qb6 21. Ra2
Re5 22. Rd1 h5 23. f4 Ree8 24. Re1 h4 25. Rxe8+ Rxe8 26. Nf1 Bf5 27. Qc1 h3 28.
Ne3 Bd3 29. g3 Qb7 30. Qd2 Qe7 31. Ra1 Qe4 32. Ra3 Qf3 33. b3 Rxe3 34. Bxe3
Qf1# 0-1

[Event "PILSEN OPEN 2018 - FIDE open"]
[Site "Plzen"]
[Date "2018.11.18"]
[Round "1"]
[White "Palek, Miroslav"]
[Black "Chudek, Lubomir"]
[Result "1-0"]
[WhiteElo "2166"]
[BlackElo "1765"]
[PlyCount "45"]
[EventDate "2018.11.18"]

1. e4 c5 2. Nf3 Nc6 3. Bb5 g6 4. O-O Bg7 5. c3 e5 6. d4 cxd4 7. cxd4 exd4 8.
Bf4 Nge7 9. Bd6 Qb6 10. Na3 a6 11. Ba4 Qa7 12. Rc1 b5 13. Bb3 Na5 14. Bd5 Bb7
15. Re1 Nc8 16. Bc5 Qb8 17. Ng5 d6 18. Bxf7+ Ke7 19. Bxd4 Be5 20. Bd5 b4 21.
Nc4 Bxd5 22. exd5 Nxc4 23. Rxc4 1-0

[Event "PILSEN OPEN 2018 - FIDE open"]
[Site "Plzen"]
[Date "2018.11.18"]
[Round "1"]
[White "Michalczak, Thomas"]
[Black "Kalista, Karel"]
[Result "1-0"]
[WhiteElo "2163"]
[BlackElo "1749"]
[PlyCount "137"]
[EventDate "2018.11.18"]

1. e4 c6 2. d4 d5 3. e5 Bf5 4. h4 h6 5. g4 Bd7 6. Nc3 e6 7. Be3 Qc7 8. Nf3 c5
9. dxc5 Bxc5 10. Nb5 Bxb5 11. Bxb5+ Nd7 12. Bxd7+ Kxd7 13. Bxc5 Qxc5 14. Qd2
Ne7 15. O-O-O Rac8 16. Rh3 Kc7 17. Nd4 Kb8 18. Rc3 Qb6 19. Rb3 Qc7 20. f4 a6
21. h5 Nc6 22. Rc3 Qb6 23. Nxc6+ Rxc6 24. Rxc6 Qxc6 25. Qb4 Rc8 26. c3 Qc5 27.
Qxc5 Rxc5 28. Kc2 Rc4 29. Rd4 Rc7 30. f5 Kc8 31. Kd3 Re7 32. f6 gxf6 33. exf6
Re8 34. Ke3 Rg8 35. Kf4 Rg5 36. Rd2 Kc7 37. Kg3 Kd6 38. b3 e5 39. a4 a5 40. Rb2
d4 41. cxd4 exd4 42. Kf4 Kc5 43. Rc2+ Kd6 44. Rc8 Ke6 45. Re8+ Kxf6 46. Rd8 b5
47. Rxd4 bxa4 48. bxa4 Rc5 49. Rd6+ Kg7 50. Ke4 Rc4+ 51. Rd4 Rc5 52. Rd5 Rc4+
53. Rd4 Rc5 54. Kf4 Kf6 55. Re4 Kg7 56. Rd4 Kf6 57. Rd6+ Kg7 58. Ke3 Rc4 59.
Rd4 Rc5 60. Rf4 Rg5 61. Kf3 f6 62. Rf5 Kf7 63. Kf4 Ke6 64. Rxg5 fxg5+ 65. Ke4
Ke7 66. Ke5 Kf7 67. Kf5 Kg7 68. Ke6 Kg8 69. Kf6 1-0



[

[Event "PILSEN OPEN 2018 - FIDE open"]
[Site "Plzen"]
[Date "2018.11.18"]
[Round "1"]
[White "Folkova, Martina"]
[Black "Skutil, Frantisek"]
[Result "1/2-1/2"]
[WhiteElo "2014"]
[BlackElo "1669"]
[PlyCount "71"]
[EventDate "2018.11.18"]

1. e4 {[%emt 0:00:00]} c5 2. Nf3 Nc6 3. d4 cxd4 4. Nxd4 d6 5. Nc3 Nf6 6. Bg5 e6
7. Qd2 a6 8. O-O-O Be7 9. f4 O-O 10. Nxc6 bxc6 11. e5 Nd5 12. Bxe7 Qxe7 13.
exd6 Qxd6 14. g3 Rb8 15. Ne4 Qe7 16. c4 Nf6 17. Qd6 Qb7 18. Nxf6+ gxf6 19. b3
Qb6 20. Bg2 Bb7 21. Qd4 Qxd4 22. Rxd4 c5 23. Rd2 Bxg2 24. Rxg2 Rfd8 25. Rd1 Kf8
26. Rgd2 Ke7 27. Kc2 h5 28. a3 a5 29. Kc3 Rxd2 30. Rxd2 f5 31. Rb2 Kd6 32. Rd2+
Kc6 33. Rd3 Kc7 34. h3 Rd8 35. Rxd8 Kxd8 36. b4 1/2-1/2

[Event "PILSEN OPEN 2018 - FIDE open"]
[Site "Plzen"]
[Date "2018.11.18"]
[Round "1"]
[White "Leseticky, Vladimir"]
[Black "Paldus, Petr"]
[Result "0-1"]
[WhiteElo "1665"]
[BlackElo "2014"]
[PlyCount "78"]
[EventDate "2018.11.18"]

1. e4 e5 2. Nf3 Nc6 3. Bc4 Nf6 4. O-O Bc5 5. b4 Bxb4 6. c3 Be7 7. d4 d6 8. d5
Na5 9. Qa4+ c6 10. dxc6 bxc6 11. Rd1 Bd7 12. Be2 O-O 13. Qc2 Qc7 14. Nbd2 d5
15. exd5 cxd5 16. c4 dxc4 17. Bb2 Bd6 18. Ne4 Nxe4 19. Qxe4 c3 20. Bxc3 Qxc3
21. Qd5 e4 22. Ng5 Ba4 23. Nxf7 Bxh2+ 24. Kh1 Qf6 25. Nh6+ Kh8 26. Ng4 Qf5 27.
Kxh2 Bxd1 28. Rxd1 Qxd5 29. Rxd5 Nc6 30. Kg3 Nb4 31. Rd4 Nxa2 32. Rxe4 Nc3 33.
Re3 Nxe2+ 34. Rxe2 a5 35. Ra2 a4 36. Ra3 Rfb8 37. Ne3 Rb3 38. Ra1 a3 39. Kf4 a2
0-1

[Event "PILSEN OPEN 2018 - FIDE open"]
[Site "Plzen"]
[Date "2018.11.18"]
[Round "1"]
[White "Prats Alonso, Oscar"]
[Black "Lohia, Sohum"]
[Result "1/2-1/2"]
[WhiteElo "1984"]
[BlackElo "1562"]
[PlyCount "38"]
[EventDate "2018.11.18"]

1. e4 d5 2. Nc3 dxe4 3. Nxe4 Nd7 4. Nf3 Ngf6 5. Ng3 e6 6. d4 Bd6 7. Bd3 O-O 8.
O-O b6 9. Bg5 h6 10. Bxf6 Nxf6 11. Ne5 Bb7 12. Qe2 Bxe5 13. dxe5 Qd5 14. f4
Qd4+ 15. Kh1 Nd5 16. Be4 Qxb2 17. c4 Qxe2 18. Nxe2 Ba6 19. Rfc1 Rac8 1/2-1/2

[Event "PILSEN OPEN 2018 - FIDE open"]
[Site "Plzen"]
[Date "2018.11.18"]
[Round "1"]
[White "Ochedzan, Robert"]
[Black "Vlk, Miloslav"]
[Result "0-1"]
[WhiteElo "1562"]
[BlackElo "1978"]
[PlyCount "166"]
[EventDate "2018.11.18"]

1. c4 c5 2. g3 Nf6 3. Nc3 d5 4. cxd5 Nxd5 5. Bg2 Nc7 6. e3 e5 7. Nge2 Nc6 8.
O-O Be7 9. b3 O-O 10. Bb2 f6 11. h3 Bf5 12. Ne4 Qd3 13. Nc1 Qd7 14. Kh2 Rfd8
15. Bc3 Nd5 16. Qe2 Rac8 17. f4 exf4 18. gxf4 Bg6 19. Rg1 f5 20. Ng5 Nxc3 21.
dxc3 Bf6 22. Qc4+ Kh8 23. Ne2 h6 24. Nf3 Qe7 25. Rae1 a6 26. Nc1 b5 27. Qe2
Bxc3 28. Rd1 Bh5 29. Nd3 Qe4 30. Nxc5 Qe7 31. Nxa6 b4 32. Qb5 Qxe3 33. Rxd8+
Nxd8 34. Qd7 Qxf4+ 35. Kh1 Ra8 36. Nc7 Rxa2 37. Qxd8+ Kh7 38. Ne6 Qe3 39. Nf8+
Kg8 40. Ne6+ Kf7 41. Nh4 Rxg2 42. Qd7+ Kf6 43. Qd8+ Kxe6 44. Qc8+ Kf7 45. Qb7+
Kg8 46. Qxg2 Qe4 47. Qxe4 fxe4 48. Rc1 e3 49. Kg1 e2 50. Ng2 Bf7 51. Rb1 Bd5
52. Ne1 Bd4+ 53. Kh2 Bf2 54. h4 h5 55. Kh3 Kf7 56. Kh2 Bxh4 57. Kg1 Bg3 58. Ra1
Be4 59. Ra2 Bxe1 60. Rxe2 Bc3 61. Rxe4 Kf6 62. Kg2 g5 63. Rc4 Kf5 64. Kf3 g4+
65. Kg3 Be1+ 66. Kg2 h4 67. Kf1 Bc3 68. Kg1 h3 69. Kf2 h2 70. Kg2 g3 71. Rh4
Ke5 72. Rh3 Kf4 73. Rh4+ Ke3 74. Rh3 Be1 75. Rh4 Kd3 76. Rc4 Bc3 77. Rg4 Be1
78. Rc4 Ke3 79. Rh4 Ke2 80. Re4+ Kd1 81. Rc4 Bc3 82. Rh4 Kc2 83. Rh8 Bxh8 0-1

[Event "PILSEN OPEN 2018 - FIDE open"]
[Site "Plzen"]
[Date "2018.11.18"]
[Round "1"]
[White "Vandurme, Philippe"]
[Black "Giemsa, Alexander"]
[Result "1/2-1/2"]
[WhiteElo "1478"]
[BlackElo "1921"]
[PlyCount "59"]
[EventDate "2018.11.18"]

1. d4 e5 2. dxe5 Nc6 3. Nf3 Qe7 4. Nbd2 Nxe5 5. b3 Nxf3+ 6. Nxf3 Qf6 7. Qd4
Bb4+ 8. Bd2 Bxd2+ 9. Kxd2 d5 10. Rd1 c6 11. Kc1 Qxd4 12. Nxd4 Nf6 13. f3 a6 14.
e3 O-O 15. c4 Re8 16. Kd2 c5 17. Nc2 Bf5 18. Bd3 Bxd3 19. Kxd3 dxc4+ 20. Kxc4
b5+ 21. Kc3 Rec8 22. Rd2 Kf8 23. Rhd1 Ke7 24. e4 c4 25. Nd4 cxb3+ 26. Kxb3 Rc5
27. Nf5+ Kf8 28. Rd8+ Rxd8 29. Rxd8+ Ne8 30. Nxg7 1/2-1/2

[Event "PILSEN OPEN 2018 - FIDE open"]
[Site "Plzen"]
[Date "2018.11.19"]
[Round "2"]
[White "Lys, Josef"]
[Black "Plischki, Sebastian"]
[Result "1/2-1/2"]
[WhiteElo "2063"]
[BlackElo "2419"]
[PlyCount "144"]
[EventDate "2018.11.18"]

1. d4 Nf6 2. Nf3 d5 3. c4 dxc4 4. e3 Bg4 5. Bxc4 e6 6. Qb3 Bxf3 7. gxf3 Nbd7 8.
Nc3 Be7 9. O-O O-O 10. Kh1 c5 11. Rg1 Nb6 12. dxc5 Bxc5 13. Be2 a6 14. f4 Qc7
15. Bf3 Rad8 16. Ne2 Rd7 17. Qc3 Be7 18. Qxc7 Rxc7 19. Bd2 Nbd5 20. Rac1 Rd7
21. Rgd1 Rfd8 22. Be1 g6 23. a3 Bf8 24. Rd2 Bg7 25. Rdc2 Kf8 26. Kg1 Ke8 27.
Kf1 h6 28. Nc3 Nb6 29. b3 Bf8 30. Nb1 Nbd5 31. Ke2 g5 32. fxg5 hxg5 33. h3 Bd6
34. Rc8 Ke7 35. Rxd8 Rxd8 36. b4 Be5 37. Nc3 Nxc3+ 38. Bxc3 Bxc3 39. Rxc3 Rd7
40. Rc5 Nd5 41. Bxd5 exd5 42. Kd3 Ke6 43. Kd4 f6 44. a4 Rh7 45. Rxd5 Rxh3 46.
Kc5 Rh2 47. Rd2 g4 48. Rd4 f5 49. Rf4 Ke5 50. Kb6 Rh7 51. a5 Rf7 52. Rc4 Kd6
53. b5 axb5 54. Kxb5 Kd5 55. Rd4+ Ke5 56. Kb6 Rh7 57. Rc4 Rh2 58. Rc2 Rh7 59.
Rc7 Rh2 60. Rc2 Rh7 61. Rb2 Kd6 62. Ka7 Rc7 63. Rb5 Ke6 64. Kb8 Rc2 65. Kxb7
Rxf2 66. a6 Ra2 67. a7 g3 68. a8=Q Rxa8 69. Kxa8 g2 70. Rb1 Ke5 71. Rg1 Ke4 72.
Rxg2 Kxe3 1/2-1/2

[Event "PILSEN OPEN 2018 - FIDE open"]
[Site "Plzen"]
[Date "2018.11.19"]
[Round "2"]
[White "Dambrauskas, Virginijus"]
[Black "Bartonicek, Zdenek"]
[Result "1-0"]
[WhiteElo "2298"]
[BlackElo "1951"]
[PlyCount "119"]
[EventDate "2018.11.18"]

1. Nf3 Nf6 2. c4 c5 3. Nc3 Nc6 4. g3 g6 5. Bg2 Bg7 6. d4 cxd4 7. Nxd4 O-O 8.
O-O Ng4 9. e3 Nge5 10. b3 d6 11. Bb2 Bg4 12. f3 Bd7 13. Nde2 Re8 14. h3 Nb4 15.
Qd2 Na6 16. Kh2 Bh6 17. Nd5 Nc7 18. f4 Nc6 19. Qc3 f6 20. Rad1 Bg7 21. Qd2 Ne6
22. g4 Rf8 23. Rc1 Nb8 24. Rfd1 Nc6 25. Ng3 b6 26. Be4 Nc5 27. Bb1 b5 28. b4
Na4 29. Ba1 bxc4 30. Rxc4 Nb6 31. Rcc1 Rb8 32. b5 Nxd5 33. bxc6 Be6 34. f5 Bf7
35. e4 Nc7 36. Bd4 a6 37. Ba7 Rc8 38. Bb6 d5 39. a4 Qd6 40. Ba2 Ra8 41. Bxd5
Nxd5 42. exd5 h5 43. Kg2 h4 44. Ne4 Qe5 45. Qd4 Qxd4 46. Rxd4 Bh6 47. Re1 gxf5
48. gxf5 Bf4 49. Nc5 Be5 50. Rg4+ Kh7 51. Rxh4+ Kg8 52. Ne6 Bxe6 53. fxe6 Kg7
54. Kf3 Rg8 55. Rg1+ Kf8 56. Rxg8+ Kxg8 57. a5 Kg7 58. Rg4+ Kh6 59. Ke4 Bd6 60.
Kf5 1-0

[Event "PILSEN OPEN 2018 - FIDE open"]
[Site "Plzen"]
[Date "2018.11.19"]
[Round "2"]
[White "Jurek, Josef"]
[Black "Barbier, Astrid"]
[Result "1-0"]
[WhiteElo "2248"]
[BlackElo "1931"]
[PlyCount "79"]
[EventDate "2018.11.18"]

1. d4 f5 2. Nf3 Nf6 3. g3 g6 4. b3 Bg7 5. Bb2 O-O 6. Bg2 d6 7. O-O Qe8 8. Nbd2
Nc6 9. Re1 e5 10. dxe5 dxe5 11. e4 f4 12. Nc4 Ng4 13. h3 Nh6 14. g4 Nf7 15. Ba3
Be6 16. Bxf8 Bxf8 17. c3 b5 18. Nb2 Bc5 19. b4 Bb6 20. a4 a6 21. Qe2 Nd6 22.
Ng5 Bd7 23. Qd3 h6 24. axb5 Nxb5 25. Nf3 Be6 26. Qc2 Nd6 27. Bf1 a5 28. b5 Na7
29. c4 c5 30. Nxe5 Bc8 31. Ned3 f3 32. Nf4 Qf7 33. Qd2 Ne8 34. Qd5 Bb7 35.
Qxf7+ Kxf7 36. Nd5 Bd8 37. Nd3 Bxd5 38. exd5 Bf6 39. Rxa5 Bc3 40. Rea1 1-0

[Event "PILSEN OPEN 2018 - FIDE open"]
[Site "Plzen"]
[Date "2018.11.19"]
[Round "2"]
[White "Paldus, Petr"]
[Black "Eret, Jonas"]
[Result "1-0"]
[WhiteElo "2014"]
[BlackElo "2223"]
[PlyCount "101"]
[EventDate "2018.11.18"]

1. e4 d6 2. d4 Nf6 3. Nc3 e5 4. dxe5 dxe5 5. Qxd8+ Kxd8 6. Bc4 Be6 7. Bxe6 fxe6
8. Be3 Bd6 9. O-O-O Ke7 10. f3 a6 11. Nh3 b5 12. Nf2 Rc8 13. Rd3 Nc6 14. Ng4
Nxg4 15. fxg4 Rf8 16. Bg5+ Kd7 17. Rf3 Rxf3 18. gxf3 Rf8 19. Rf1 Nd4 20. Be3
Nxf3 21. h3 Nh4 22. Rxf8 Bxf8 23. Ne2 Be7 24. Kd2 Nf3+ 25. Kc3 c5 26. Ng1 Nh4
27. Kd3 c4+ 28. Ke2 h6 29. Nf3 Ng6 30. b3 Kc6 31. Kd2 a5 32. bxc4 bxc4 33. a4
Bb4+ 34. Ke2 Bc3 35. h4 Kd6 36. h5 Nf4+ 37. Kf2 Kc6 38. Ba7 Nh3+ 39. Kg3 Nf4
40. Kf2 g6 41. g5 Nxh5 42. gxh6 Nf6 43. Ke2 Bb4 44. Nxe5+ Kb7 45. Bd4 g5 46.
Nxc4 Nh7 47. Kf3 Kc6 48. Kg4 Bc5 49. Nxa5+ Kb6 50. Nc4+ Kc6 51. Ne5+ 1-0

[Event "PILSEN OPEN 2018 - FIDE open"]
[Site "Plzen"]
[Date "2018.11.19"]
[Round "2"]
[White "Vlk, Miloslav"]
[Black "Moreno Martin, Daniel"]
[Result "1-0"]
[WhiteElo "1978"]
[BlackElo "2190"]
[PlyCount "87"]
[EventDate "2018.11.18"]

1. c4 e6 2. Nc3 d5 3. d4 Nf6 4. Bg5 Nbd7 5. e3 c6 6. Nf3 Qa5 7. cxd5 Nxd5 8.
Qb3 Bb4 9. Rc1 h6 10. Bh4 b6 11. a3 Bxc3+ 12. bxc3 Ba6 13. Bxa6 Qxa6 14. c4
N5f6 15. O-O O-O 16. Rfd1 Rac8 17. Rc2 Qa5 18. Bg3 Ne4 19. Ne5 Nxe5 20. Bxe5
Rfd8 21. Rcc1 Rd7 22. f3 Ng5 23. c5 b5 24. Qb4 Qd8 25. Qb3 a5 26. Qc3 Nh7 27.
e4 Nf8 28. Bd6 Ng6 29. Qb2 Qf6 30. Qd2 a4 31. d5 exd5 32. exd5 cxd5 33. Qxd5
Rdd8 34. Qb7 Qg5 35. c6 Nh4 36. Bg3 Qe3+ 37. Bf2 Nxf3+ 38. gxf3 Qxf3 39. Rxd8+
Rxd8 40. c7 Rd1+ 41. Rxd1 Qxd1+ 42. Kg2 Qg4+ 43. Kh1 Qf3+ 44. Qxf3 1-0

[Event "PILSEN OPEN 2018 - FIDE open"]
[Site "Plzen"]
[Date "2018.11.19"]
[Round "2"]
[White "Jezek, Jan"]
[Black "Riekenbrauk, Joerg"]
[Result "1-0"]
[WhiteElo "2171"]
[BlackElo "1926"]
[PlyCount "103"]
[EventDate "2018.11.18"]

1. d4 d5 2. Nf3 Nc6 3. Bf4 Bg4 4. e3 f6 5. Be2 e6 6. c4 Bd6 7. Bg3 Nge7 8. Nc3
Nf5 9. Bxd6 Qxd6 10. cxd5 exd5 11. h3 Bxf3 12. Bxf3 Nce7 13. O-O O-O 14. Qb3 c6
15. Ne4 Qc7 16. Nc5 Rfb8 17. a4 Kh8 18. a5 Nd6 19. Qc2 Qc8 20. Be2 Qe8 21. a6
b6 22. Ne6 Rc8 23. Bd3 Qh5 24. Nf4 Qh6 25. b4 g5 26. Ne2 g4 27. hxg4 Rg8 28. g3
Rxg4 29. Kg2 f5 30. Rh1 Qg7 31. Rh3 Rg8 32. Rah1 Rg5 33. Nf4 Qf7 34. Qb1 R8g7
35. R1h2 Ne4 36. Bxe4 fxe4 37. Qd1 Nf5 38. Kh1 Nd6 39. Rh6 Qd7 40. Ne6 Nf5 41.
Nf8 Qe7 42. Rxh7+ Kg8 43. Rh8+ Kf7 44. Nh7 Rg4 45. Rf8+ Ke6 46. Rf6+ Qxf6 47.
Nxf6 Kxf6 48. Qc1 Rc7 49. b5 Rgg7 50. bxc6 Rg6 51. Qa3 Ne7 52. Qd6+ 1-0

[Event "PILSEN OPEN 2018 - FIDE open"]
[Site "Plzen"]
[Date "2018.11.19"]
[Round "2"]
[White "Ochedzan, Tymon"]
[Black "Palek, Miroslav"]
[Result "0-1"]
[WhiteElo "1944"]
[BlackElo "2166"]
[PlyCount "174"]
[EventDate "2018.11.18"]

1. e4 c5 2. Nf3 a6 3. c4 Nc6 4. d4 cxd4 5. Nxd4 Nf6 6. Nc3 d6 7. Be2 g6 8. O-O
Bg7 9. Be3 Bd7 10. Nc2 O-O 11. f3 Be6 12. Qd2 Qa5 13. Rab1 Rfc8 14. b4 Qd8 15.
Nd5 Bxd5 16. cxd5 Ne5 17. Rfc1 Nc4 18. Bxc4 Rxc4 19. Na3 Rxc1+ 20. Rxc1 Rc8 21.
Nc4 Nd7 22. Na5 Rc7 23. a4 Qc8 24. Nb3 Kf8 25. b5 Rxc1+ 26. Qxc1 Qxc1+ 27. Nxc1
axb5 28. axb5 Ke8 29. Nb3 Bc3 30. Kf1 Kd8 31. Ke2 Kc7 32. Kd3 Be1 33. Bg5 f6
34. Be3 Ne5+ 35. Ke2 Bc3 36. f4 Nd7 37. Kd3 Be1 38. Kc4 f5 39. exf5 gxf5 40. g3
Kd8 41. Bd4 Ke8 42. Nc1 Kf7 43. Nd3 Ba5 44. Nf2 Kg6 45. h3 h5 46. Nd1 Nb6+ 47.
Bxb6 Bxb6 48. Kd3 Kf6 49. Ne3 e6 50. Nc4 Bc5 51. dxe6 Kxe6 52. Na5 b6 53. Nc4
d5 54. Nd2 Bf2 55. Nf1 Kd6 56. Ke2 Bd4 57. Nh2 Kc5 58. g4 fxg4 59. hxg4 hxg4
60. Nxg4 Kxb5 61. Kd3 Ba1 62. f5 Kc6 63. Ne3 Kd6 64. Nc2 Bf6 65. Nb4 Ke5 66.
Ke3 b5 67. Kd3 Kd6 68. Na6 Bd8 69. Kd4 Bf6+ 70. Kd3 Ke5 71. Nb4 Be7 72. Nc6+
Kd6 73. Nb4 Kc5 74. Na6+ Kb6 75. Nb8 Kc7 76. Na6+ Kb7 77. f6 Bf8 78. Nb8 Kxb8
79. Kd4 b4 80. Kxd5 b3 81. Ke6 b2 82. Kf7 Ba3 83. Kg7 b1=Q 84. f7 Qg1+ 85. Kh6
Qg4 86. Kh7 Bf8 87. Kh8 Qg7# 0-1

[Event "PILSEN OPEN 2018 - FIDE open"]
[Site "Plzen"]
[Date "2018.11.19"]
[Round "2"]
[White "Richters, Marc"]
[Black "Michalczak, Thomas"]
[Result "1/2-1/2"]
[WhiteElo "1927"]
[BlackElo "2163"]
[PlyCount "69"]
[EventDate "2018.11.18"]

1. Nf3 d5 2. c4 e6 3. b3 Nf6 4. Bb2 Be7 5. g3 O-O 6. Bg2 b6 7. Nc3 Bb7 8. Ne5
Qc8 9. cxd5 Nxd5 10. Nxd5 Bxd5 11. e4 Bb7 12. O-O Nd7 13. Rc1 c5 14. b4 Nxe5
15. Bxe5 Qd7 16. bxc5 Bxc5 17. d4 Bd6 18. Qh5 Bxe5 19. Qxe5 Rac8 20. d5 exd5
21. exd5 Rfe8 22. Rxc8 Qxc8 23. Qf4 Qb8 24. d6 Bxg2 25. Kxg2 Qb7+ 26. Qf3 Qxf3+
27. Kxf3 Rd8 28. Rc1 Kf8 29. Rc6 Ke8 30. Ke4 Rd7 31. Kd5 Kd8 32. Rc3 b5 33. Rc5
Rb7 34. Rc6 b4 35. Ra6 1/2-1/2

[Event "PILSEN OPEN 2018 - FIDE open"]
[Site "Plzen"]
[Date "2018.11.19"]
[Round "2"]
[White "Barbier, Wim"]
[Black "Bechynsky, Jan"]
[Result "1/2-1/2"]
[WhiteElo "2077"]
[BlackElo "1874"]
[PlyCount "65"]
[EventDate "2018.11.18"]

1. c4 f5 2. g3 Nf6 3. Bg2 e6 4. Nc3 Be7 5. Nf3 O-O 6. O-O d5 7. d3 c6 8. e4 d4
9. Ne2 c5 10. exf5 exf5 11. b4 Nc6 12. bxc5 Bxc5 13. Nf4 Re8 14. Re1 Bd7 15.
Nd5 Rxe1+ 16. Nxe1 Be6 17. Bg5 Be7 18. Nxe7+ Qxe7 19. Rb1 Rf8 20. Qe2 h6 21.
Bd2 Re8 22. Bxc6 bxc6 23. Qe5 c5 24. Rb8 Nd7 25. Rxe8+ Qxe8 26. Qe2 Bf7 27.
Qxe8+ Bxe8 28. h4 Kf7 29. Bf4 Ke6 30. f3 Ne5 31. Kf2 Bc6 32. Ke2 a6 33. Kf2
1/2-1/2

[Event "PILSEN OPEN 2018 - FIDE open"]
[Site "Plzen"]
[Date "2018.11.19"]
[Round "2"]
[White "Pacl, Vaclav"]
[Black "Vachal, Josef"]
[Result "1/2-1/2"]
[WhiteElo "1998"]
[BlackElo "1807"]
[PlyCount "63"]
[EventDate "2018.11.18"]

1. Nf3 {[%emt 0:00:00]} Nf6 2. d4 d5 3. e3 g6 4. Nbd2 Bg7 5. b4 O-O 6. Bb2 Qd6
7. a3 b6 8. c4 dxc4 9. Bxc4 Bb7 10. Qc2 e6 11. e4 Qe7 12. O-O Nbd7 13. b5 c5
14. bxc6 Bxc6 15. Ba6 Nb8 16. Bd3 Bb7 17. Rfc1 Nc6 18. Qa4 Rfc8 19. Nc4 Qd7 20.
Qb3 Nh5 21. Bf1 Rd8 22. Rd1 Rac8 23. d5 exd5 24. exd5 Ne7 25. Bxg7 Nxg7 26.
Nfe5 Qf5 27. d6 Nc6 28. Qe3 Nxe5 29. Nxe5 Rc5 30. f4 Ne6 31. g3 Rc2 32. Qd3
1/2-1/2

[Event "PILSEN OPEN 2018 - FIDE open"]
[Site "Plzen"]
[Date "2018.11.19"]
[Round "2"]
[White "Hosnedl, Jiri"]
[Black "Held, Martin"]
[Result "1-0"]
[WhiteElo "1687"]
[BlackElo "1848"]
[PlyCount "49"]
[EventDate "2018.11.18"]

1. d4 d5 2. c4 e5 3. e3 e4 4. cxd5 Qxd5 5. Nc3 Bb4 6. Qa4+ Nc6 7. Qxb4 Nxb4 8.
Nxd5 Nxd5 9. Bd2 Ngf6 10. Ne2 O-O 11. a3 Be6 12. Nc3 Nxc3 13. bxc3 c5 14. c4
Nd7 15. d5 Bf5 16. Bc3 Bg6 17. Be2 f5 18. g3 Rfd8 19. a4 h6 20. O-O Kf7 21.
Rfb1 Rab8 22. a5 Re8 23. Bd1 Ne5 24. Bxe5 Rxe5 25. Rb5 1-0

[Event "PILSEN OPEN 2018 - FIDE open"]
[Site "Plzen"]
[Date "2018.11.19"]
[Round "2"]
[White "Krueger, Thomas"]
[Black "Prachar, Josef"]
[Result "1/2-1/2"]
[WhiteElo "1547"]
[BlackElo "1831"]
[PlyCount "59"]
[EventDate "2018.11.18"]

1. d4 d5 2. Nf3 Nf6 3. e3 Bg4 4. Nbd2 e6 5. Bd3 c5 6. c3 Nc6 7. O-O Bd6 8. dxc5
Bxc5 9. e4 O-O 10. Qc2 Bxf3 11. Nxf3 dxe4 12. Bxe4 Nxe4 13. Qxe4 h6 14. Be3 Qb6
15. Bxc5 Qxc5 16. Rad1 Rfd8 17. Qe2 a6 18. Rxd8+ Rxd8 19. Rd1 Rd5 20. Rxd5 Qxd5
21. b3 e5 22. Qd2 Qxd2 23. Nxd2 Kf8 24. f3 f5 25. Kf2 Ke7 26. g3 Kd6 27. Nc4+
Kc5 28. Ke3 b5 29. Nb2 Kd5 30. Nd3 1/2-1/2